|
|
|
|
| LEADER |
00000nas a2200000 a 4500 |
| 001 |
ssj0001540 |
| 003 |
WaSeSS |
| 005 |
20200512172242.0 |
| 006 |
m d |
| 007 |
cr n |
| 008 |
050614c19369999nyumr pss 0 a0eng c |
| 010 |
|
|
|a 2006264663
|
| 022 |
|
|
|a 1938-1506
|l 0030-3607
|y 0030-3607
|
| 035 |
|
|
|a (WaSeSS)ssj0001540
|
| 037 |
|
|
|a Opera News
|n http://www.metoperafamily.org/operanews/subscription
|
| 040 |
|
|
|a OCLCS
|b eng
|c OCLCS
|d BUF
|d NSD
|d OCLCQ
|d OCLCF
|d OCLCO
|d OCLCQ
|d OCLCO
|d OCLCA
|d VT2
|d WaSeSS
|
| 042 |
|
|
|a pcc
|a nsdp
|
| 050 |
|
4 |
|a ML1
|b .O482
|
| 082 |
1 |
0 |
|a 782
|2 11
|
| 130 |
0 |
|
|a Opera news (Online)
|
| 222 |
|
0 |
|a Opera news
|b (Online)
|
| 245 |
1 |
0 |
|a Opera news
|h [electronic resource].
|
| 246 |
1 |
|
|i Homepage title:
|a Opera news online
|
| 260 |
|
|
|a [New York] :
|b [Metropolitan Opera Guild]
|
| 310 |
|
|
|a Monthly
|
| 362 |
1 |
|
|a Print began with Dec. 1936 issue.
|
| 506 |
|
|
|a License restrictions may limit access.
|
| 538 |
|
|
|a Mode of access: World Wide Web.
|
| 588 |
|
|
|a Description based on: Vol. 14, no. 8 (Dec. 19, 1949); title from cover image (viewed Nov. 2, 2006).
|
| 588 |
|
|
|a Latest issue consulted: Vol. 73, no. 2 (Aug. 2008) (publisher's Web site viewed on Aug. 25, 2008).
|
| 650 |
|
0 |
|a Opera
|v Periodicals.
|
| 650 |
|
7 |
|a Opera.
|2 fast
|0 (OCoLC)fst01046145
|
| 655 |
|
0 |
|a Electronic journals.
|
| 710 |
2 |
|
|a Metropolitan Opera Guild.
|
| 776 |
1 |
|
|t Opera news
|x 0030-3607
|w (DLC) 88662974
|w (OCoLC)1590631
|
| 856 |
4 |
0 |
|z Full text available from Research Library: 01/02/1988 to 09/30/2016
|u https://search.proquest.com/publication/42236
|